[Event "Open ch-Skopje"]
[Site "Skopje MKD"]
[Date "2010.12.05"]
[Round "2"]
[White "Bogdanovski,V"]
[Black "Kukov,T"]
[Result "1-0"]
[WhiteElo "2418"]
[BlackElo "2068"]

1.d4 d5 2.c4 c6 3.Nf3 Nf6 4.Nc3 e6 5.e3 Nbd7 6.Qc2 Bd6 7.Bd3 O-O 8.O-O dxc4
9.Bxc4 b5 10.Bd3 Bb7 11.a3 Rc8 12.b4 a5 13.bxa5 Qxa5 14.Bb2 Qd8 15.e4 e5
16.Ne2 Re8 17.dxe5 Nxe5 18.Nxe5 Bxe5 19.Bxe5 Rxe5 20.Ng3 Qb6 21.Qb2 Rce8
22.Kh1 Nh5 23.Ne2 Qd8 24.Rad1 Qe7 25.f3 Ra8 26.Ra1 Rd8 27.Rfd1 h6 28.Bc2 Rxd1+
29.Rxd1 Re6 30.Qd4 c5 31.Qd8+ Qxd8 32.Rxd8+ Kh7 33.Rd7 Bc6 34.Rxf7 Kg8 35.Rf5 g6
36.Rxc5 Rd6 37.Kg1 Bd7 38.Kf2 Ra6 39.Rc3 Kf7  1-0

[Event "FSFMB November"]
[Site "Budapest HUN"]
[Date "2010.12.06"]
[Round "3"]
[White "Wanger,T"]
[Black "Horvath,Il"]
[Result "0-1"]
[WhiteElo "1801"]
[BlackElo "1815"]

1.d4 d5 2.c4 c6 3.Nf3 Nf6 4.Nc3 e6 5.e3 Nbd7 6.Bd3 dxc4 7.Bxc4 b5 8.Bd3 Bb7
9.a3 a5 10.Bd2 Bd6 11.e4 e5 12.O-O O-O 13.Bc2 exd4 14.Nxd4 b4 15.axb4 axb4
16.Na4 c5 17.Nf5 Be5 18.f4 Bc7 19.e5 Ne4 20.Be3 g6 21.Bxe4 Bxe4 22.Ng3 Bc6
23.Nxc5 Bb6 24.Qd6 Bb5 25.Rxa8 Qxa8 26.Rc1 Rd8 27.e6 Bxc5 28.Bxc5 Nxc5 29.exf7+ Kxf7
30.Qxc5 Rd2 31.Qc7+ Bd7 32.Qc4+ Be6 33.Qf1 Bd5 34.Ne2 Qa6  0-1

[Event "31st Crespi Memorial"]
[Site "Milan ITA"]
[Date "2010.12.06"]
[Round "3"]
[White "Saric,S"]
[Black "Colovic,A"]
[Result "1/2-1/2"]
[WhiteElo "2452"]
[BlackElo "2457"]

1.d4 d5 2.c4 c6 3.Nc3 Nf6 4.e3 e6 5.Nf3 Nbd7 6.Ne5 Bd6 7.f4 O-O 8.Bd3 c5
9.O-O cxd4 10.exd4 dxc4 11.Bxc4 Nb6 12.Bb3 Bd7 13.Qf3 Qc7 14.Nxd7 Qxd7 15.f5 e5
16.dxe5 Bxe5 17.Be3 Rad8 18.Kh1 Qc7 19.Rac1 Qb8 20.g3 Rd3 21.Rfd1 Rfd8 22.Rxd3 Rxd3
23.Rd1 Rxd1+ 24.Qxd1 h5 25.Qf3 Qc8 26.Bg1 Nc4 27.Bxc4 Qxc4 28.Bxa7 Bxc3 29.bxc3 Qxa2
30.Bd4 Ng4 31.Bg1 b5 32.h3 Nf6 33.Bd4 Qb1+ 34.Kg2 Qc2+ 35.Qf2 Qe4+ 36.Qf3 Qc2+
37.Qf2 Qe4+ 38.Qf3  1/2-1/2

[Event "WCh Women"]
[Site "Antakya TUR"]
[Date "2010.12.07"]
[Round "2.1"]
[White "Koneru,H"]
[Black "Houska,Jo"]
[Result "1-0"]
[WhiteElo "2600"]
[BlackElo "2421"]

1.d4 d5 2.c4 c6 3.Nf3 Nf6 4.Nc3 e6 5.e3 Nbd7 6.Bd3 dxc4 7.Bxc4 b5 8.Bd3 Bd6
9.O-O O-O 10.a3 Bb7 11.Qc2 a5 12.Bd2 Rc8 13.Ng5 h6 14.Nge4 Be7 15.Nxf6+ Nxf6
16.Ne4 c5 17.Nxf6+ Bxf6 18.dxc5 Bxb2 19.Bxa5 Qxa5 20.Qxb2 Rxc5 21.Qb4 Qc7
22.Rfb1 Rh5 23.h3 Rg5 24.Bf1 Bc6 25.Rb2 Rd8 26.Rc1 Qb7 27.f4 Rgd5 28.a4 Qb6
29.Qe1 e5 30.axb5 Be8 31.Qf2 Rd1 32.Rxd1 Rxd1 33.Kh2 exf4 34.Qxf4 g5 35.Qe5 Rxf1
36.Qxe8+ Kg7 37.Qe5+ f6 38.Qe7+ Kg6 39.Qe8+ Kg7 40.Qd7+ Kg6  1-0

[Event "FSFMB November"]
[Site "Budapest HUN"]
[Date "2010.12.07"]
[Round "4"]
[White "Wanger,T"]
[Black "Horvath,At2"]
[Result "0-1"]
[WhiteElo "1801"]
[BlackElo "1796"]

1.d4 d5 2.c4 c6 3.Nf3 Nf6 4.Nc3 e6 5.e3 Bb4 6.cxd5 cxd5 7.a3 Bxc3+ 8.bxc3 Qc7
9.Qc2 Bd7 10.Bd3 O-O 11.Bd2 a6 12.a4 Nc6 13.c4 dxc4 14.Qxc4 b5 15.Qc2 Qb7
16.axb5 axb5 17.O-O Rxa1 18.Rxa1 Rc8 19.Qb3 Ne7 20.Ne5 Be8 21.Bb4 Nc6 22.Nxc6 Bxc6
23.f3 Bxf3 24.gxf3 Qxf3 25.Bc5 Qxe3+ 26.Kf1 Ne4 27.Qc2 Nd2+ 28.Kg2 Qf3+ 29.Kg1 Qg4+
30.Kh1 Qf3+ 31.Kg1 Qe3+ 32.Kg2 f5 33.Bxb5 f4 34.Bd7 Qf3+ 35.Kg1 Qe3+ 36.Kg2 Qe2+
37.Kh1 f3 38.Bxe6+ Kh8 39.Bh3 f2 40.Rd1 Qe1+ 41.Bf1 Nxf1 42.Qd3 Ne3+  0-1

[Event "31st Crespi Memorial"]
[Site "Milan ITA"]
[Date "2010.12.07"]
[Round "9"]
[White "Sbarra,M"]
[Black "Lapiccirella,D"]
[Result "1/2-1/2"]
[WhiteElo "2312"]
[BlackElo "2225"]

1.d4 d5 2.c4 c6 3.Nc3 Nf6 4.e3 e6 5.Nf3 Nbd7 6.Qc2 Bd6 7.Be2 O-O 8.O-O dxc4
9.Bxc4 a6 10.a4 c5 11.Rd1 Qc7 12.Bd3 cxd4 13.exd4 b6 14.Ne4  1/2-1/2

[Event "2nd Pilsen Open"]
[Site "Plzen CZE"]
[Date "2010.12.07"]
[Round "4"]
[White "Kourousis,E"]
[Black "Cecil,P"]
[Result "1-0"]
[WhiteElo "2264"]
[BlackElo "1979"]

1.d4 d5 2.c4 c6 3.Nf3 Nf6 4.Nc3 e6 5.e3 Nbd7 6.Qc2 Be7 7.Be2 dxc4 8.Bxc4 b5
9.Bd3 Bb7 10.a3 O-O 11.e4 h6 12.O-O a6 13.b4 a5 14.Rb1 axb4 15.axb4 Nb6 16.Qe2 Nfd7
17.e5 Re8 18.Qe4 Nf8 19.Qg4 Kh8 20.Qh5 f5 21.exf6 Bxf6 22.Ne4 Nd5 23.Nxf6 Nxf6
24.Qh4 N6h7 25.Qg3 Re7 26.Ne5 Nf6 27.Qh4 Ng8 28.Bg5 c5 29.Nf7+  1-0

[Event "31st Crespi Memorial"]
[Site "Milan ITA"]
[Date "2010.12.08"]
[Round "5"]
[White "Saric,S"]
[Black "Herman,Ma"]
[Result "0-1"]
[WhiteElo "2452"]
[BlackElo "2149"]

1.d4 d5 2.c4 c6 3.Nc3 Nf6 4.e3 e6 5.Nf3 Nbd7 6.Qc2 Bd6 7.Bd2 O-O 8.O-O-O e5
9.cxd5 cxd5 10.Nb5 Bb8 11.dxe5 Nxe5 12.Bc3 a6 13.Nbd4 Ne4 14.Kb1 Bd7 15.Bb4 Re8
16.h3 b5 17.g4 a5 18.Be1 Nc4 19.Nf5 Bxf5 20.gxf5 Ba7 21.Bxc4 bxc4 22.Rg1 Rb8
23.Bc3 f6 24.Nd4 Bxd4 25.Bxd4 c3 26.Bxc3 Qc8 27.Bd4 Qxf5 28.f3 Qxf3 29.Qc7 g6
30.Qxa5 Red8 31.h4 Qf5 32.Ka1 Ra8 33.Qc7 Qe6 34.Qb6 Rd6 35.Qb3 Rda6 36.a3 Qd6
37.Ka2 Rb8 38.Qc2 Rc6 39.Qe2 Rbc8 40.Rg2 Rc4 41.Qd3 Qe6 42.Rh1 R8c7 43.Qb3 Rc8
44.Rhh2 Kg7 45.Rc2 R8c7 46.Qd3 Qc6 47.Kb1 Qb7 48.b3 Nc3+ 49.Kb2 Qxb3+ 50.Kc1 Qb1+
51.Kd2 Qd1+  0-1

[Event "2nd Pilsen Open"]
[Site "Plzen CZE"]
[Date "2010.12.09"]
[Round "7"]
[White "Edwards,R"]
[Black "Ostrowska,D"]
[Result "0-1"]
[WhiteElo "2018"]
[BlackElo "1926"]

1.d4 d5 2.c4 c6 3.Nf3 Nf6 4.Nc3 e6 5.e3 Nbd7 6.Qc2 Bd6 7.b3 Qe7 8.Be2 O-O
9.O-O a6 10.Bb2 e5 11.dxe5 Nxe5 12.cxd5 cxd5 13.Rfd1 Nfg4 14.Nxd5 Nxf3+ 15.Bxf3 Bxh2+
16.Kf1 Qg5 17.e4 Ne5 18.Bxe5 Bxe5 19.Rac1 Bg4 20.Qe2 Bxf3 21.Qxf3 f5 22.exf5 Rae8
23.Ne3 Bf4 24.Re1 Qh6 25.g3 Bxe3 26.Rxe3 Rxe3 27.Qxe3 Qh1+ 28.Ke2 Qh5+ 29.Qf3 Re8+  0-1

[Event "Open ch-Skopje"]
[Site "Skopje MKD"]
[Date "2010.12.10"]
[Round "7"]
[White "Kukov,T"]
[Black "Cvetkovski,S"]
[Result "1-0"]
[WhiteElo "2068"]
[BlackElo "1985"]

1.Nf3 Nf6 2.c4 e6 3.d4 d5 4.Nc3 c6 5.e3 Nbd7 6.Qc2 Be7 7.b3 O-O 8.Bd3 h6
9.Bb2 Re8 10.O-O Bd6 11.Rfd1 Qe7 12.Be2 a6 13.e4 Nxe4 14.Nxe4 dxe4 15.Qxe4 Nf6
16.Qh4 Nh7 17.Qxe7 Rxe7 18.Ne5 Nf8 19.Bf3 f6 20.Nd3 Ng6 21.Bh5 Nf4 22.Nxf4 Bxf4
23.Ba3 Rd7 24.Bg6 Bd6 25.Bc5 Bxc5 26.dxc5 Kf8 27.Rd6 Rxd6 28.cxd6 c5 29.Re1 Bd7
30.Be4 Rb8 31.f4 f5 32.Bf3 g6 33.g4 Kf7 34.gxf5 gxf5 35.Kf2 b5 36.cxb5 axb5
37.Rc1 Rb6 38.Rd1 Kf6 39.Ke3 Ra6 40.Rd2 c4 41.bxc4 bxc4 42.Be2 Ra3+ 43.Kd4 c3
44.Rc2 Ba4 45.Rxc3 Rxc3 46.Kxc3 e5 47.Kb4 Bd7 48.fxe5+ Kxe5 49.Kc5 f4 50.Bf3 h5
51.Bxh5 Ke4 52.Kb6  1-0

[Event "Open ch-Skopje"]
[Site "Skopje MKD"]
[Date "2010.12.10"]
[Round "7"]
[White "Hadzi Manev,L"]
[Black "Andonovski,L"]
[Result "0-1"]
[WhiteElo "2174"]
[BlackElo "2290"]

1.d4 Nf6 2.Nf3 d5 3.c4 e6 4.Nc3 c6 5.e3 Nbd7 6.Qc2 Bd6 7.cxd5 exd5 8.Bd3 O-O
9.O-O Re8 10.Re1 Nf8 11.e4 dxe4 12.Nxe4 Nxe4 13.Bxe4 g6 14.Bg5 Be7 15.Bxe7 Rxe7
16.Qd2 Bg4 17.h3 Bxf3 18.Bxf3 Rd7 19.Rad1 Ne6 20.d5 Ng5 21.Qf4 Nxf3+ 22.Qxf3 cxd5
23.Re5 d4 24.Rb5 Qe7 25.a3 Rad8 26.Rd3 b6 27.Qf4 Qe2 28.Rbb3 Rd5 29.Rd2 Qe1+
30.Kh2 Rf5 31.Qh4 Qxd2 32.Qxd8+ Kg7 33.Rb4 Rxf2 34.Qxd4+ Qxd4 35.Rxd4 Rxb2
36.Rd7 a5 37.a4 h5 38.Kg3 h4+ 39.Kf3 Rb3+ 40.Kf2 Kf6  0-1

[Event "TCh-NED"]
[Site "Netherlands NED"]
[Date "2010.12.11"]
[Round "4.2"]
[White "Bezemer,A"]
[Black "Kuipers,S"]
[Result "1/2-1/2"]
[WhiteElo "2318"]
[BlackElo "2370"]

1.d4 d5 2.c4 c6 3.Nf3 Nf6 4.Nc3 e6 5.e3 Nbd7 6.Qc2 Bd6 7.Bd3 O-O 8.O-O Qe7
9.e4 dxe4 10.Nxe4 Nxe4 11.Bxe4 h6 12.Re1 Nf6 13.Bd3 c5 14.d5 Qc7 15.dxe6 Bxe6
16.Bf5 Bd7 17.Bxd7 Nxd7 18.Qe4 Rad8 19.h3 Nf6 20.Qh4 Nd7 21.Qe4  1/2-1/2

[Event "48th ch-IND"]
[Site "New Delhi IND"]
[Date "2010.12.11"]
[Round "3"]
[White "Thejkumar,M"]
[Black "Soumya,Sw"]
[Result "1-0"]
[WhiteElo "2448"]
[BlackElo "2332"]

1.d4 d5 2.c4 c6 3.Nc3 Nf6 4.e3 e6 5.Nf3 Nbd7 6.Qc2 Bd6 7.e4 Nxe4 8.Nxe4 dxe4
9.Qxe4 Bb4+ 10.Bd2 Bxd2+ 11.Nxd2 O-O 12.O-O-O c5 13.Nf3 Qa5 14.Bd3 g6 15.h4 cxd4
16.h5 Nc5 17.Qxd4 Nxd3+ 18.Rxd3 Qxa2 19.Ra3  1-0

[Event "Schachbundesliga 2010-11"]
[Site "Emsdetten GER"]
[Date "2010.12.12"]
[Round "6"]
[White "Najer,E"]
[Black "Smeets,J"]
[Result "1/2-1/2"]
[WhiteElo "2657"]
[BlackElo "2669"]

1.d4 d5 2.c4 c6 3.Nc3 Nf6 4.e3 e6 5.Nf3 Nbd7 6.Qc2 Bd6 7.Bd3 O-O 8.O-O dxc4
9.Bxc4 a6 10.a4 c5 11.Rd1 cxd4 12.exd4 Qc7 13.Qe2 Re8 14.h3 b6 15.d5 Ne5
16.Nxe5 Bxe5 17.Be3 Bxc3 18.d6 Qc6 19.bxc3 Bb7 20.Qf1 Ne4 21.Rdb1 Nxd6 22.Rxb6 Qxc4
23.Qxc4 Nxc4 24.Rxb7 Red8 25.Rab1 h6 26.Bf4 e5 27.Bg3 Rac8 28.Re7 Re8 29.Ra7 Nd2
30.Re1 Rxc3 31.Rxa6  1/2-1/2

[Event "Schachbundesliga 2010-11"]
[Site "Emsdetten GER"]
[Date "2010.12.12"]
[Round "6"]
[White "Hirneise,T"]
[Black "Ernst,S"]
[Result "1/2-1/2"]
[WhiteElo "2436"]
[BlackElo "2587"]

1.d4 d5 2.c4 c6 3.Nf3 Nf6 4.Nc3 e6 5.e3 Nbd7 6.Qc2 Bd6 7.b3 O-O 8.Bd3 Qe7
9.O-O e5 10.cxd5 cxd5 11.e4 exd4 12.Nxd5 Nxd5 13.exd5 Nf6 14.Re1 Qc7 15.Qxc7 Bxc7
16.Bb2 Nxd5 17.Nxd4 Rd8 18.Be4 Nf6 19.Bf3 Bb6 20.Rad1 Rb8 21.Nb5 Rxd1 22.Rxd1 Bg4
23.Bxg4 Nxg4 24.Bd4 Rd8 25.Rc1 h5 26.Bxb6 axb6 27.h3 Ne5 28.Na3 Nc6 29.Nc4 b5
30.Ne3 b4 31.Rc5 g6 32.Rb5 Rd2 33.Rxb7 Rxa2 34.Rb6 Ra1+ 35.Kh2 Ne5 36.Rxb4 Nd3
37.Ra4 Rb1 38.Ra2 Rxb3 39.Nd5 h4 40.Nf6+ Kg7 41.Ne4 Kh6 42.Nd2 Rb6 43.Nf3 g5
44.Rd2 Nf4 45.g3 hxg3+ 46.fxg3 Ne6 47.h4 gxh4  1/2-1/2

[Event "Schachbundesliga 2010-11"]
[Site "Hamburg GER"]
[Date "2010.12.12"]
[Round "6"]
[White "Kraemer,Mart"]
[Black "Shirov,A"]
[Result "1/2-1/2"]
[WhiteElo "2516"]
[BlackElo "2749"]

1.d4 d5 2.c4 c6 3.Nc3 Nf6 4.e3 e6 5.Nf3 Nbd7 6.Qc2 Bd6 7.Bd3 O-O 8.O-O dxc4
9.Bxc4 b5 10.Bd3 Bb7 11.e4 e5 12.h3 Re8 13.dxe5 Nxe5 14.Nxe5 Bxe5 15.Be3 Qe7
16.Rfd1 a6 17.Ne2 c5 18.Bxc5 Qc7 19.f3 Bxb2 20.Qxb2 Qxc5+ 21.Qd4 Qe7 22.Rab1 Rad8
23.Qb4 Rd6 24.Nc3 Nh5 25.Bf1 Rxd1 26.Nxd1 Qg5 27.Bxb5 axb5 28.Qxb5 Qxb5 29.Rxb5 Bxe4
30.fxe4 Ng3 31.e5 Ne2+ 32.Kf1 Nd4 33.Rc5 h5 34.e6 Nxe6 35.Rxh5 Ra8 36.Nc3 Ra3
37.Ne2 Rxa2 38.Re5  1/2-1/2

[Event "Schachbundesliga 2010-11"]
[Site "Munich GER"]
[Date "2010.12.12"]
[Round "6"]
[White "Knaak,R"]
[Black "Wichmann,C"]
[Result "1/2-1/2"]
[WhiteElo "2492"]
[BlackElo "2341"]

1.d4 d5 2.c4 c6 3.Nf3 Nf6 4.Nc3 e6 5.e3 Nbd7 6.Qc2 Bd6 7.g4 h6 8.Rg1 Qe7
9.Bd2 e5 10.cxd5 Nxd5 11.h3 Nb4 12.Qb1 exd4 13.Nxd4 Ne5 14.Be2 Bc5 15.Nb3 Bb6
16.Qe4 Ng6 17.Bf3 Ne5 18.Be2 Ng6 19.Bf3 Ne5 20.Be2  1/2-1/2

[Event "Schachbundesliga 2010-11"]
[Site "Trier GER"]
[Date "2010.12.12"]
[Round "6"]
[White "Berczes,D"]
[Black "Fridman,D"]
[Result "0-1"]
[WhiteElo "2520"]
[BlackElo "2645"]

1.d4 d5 2.c4 c6 3.Nc3 Nf6 4.e3 e6 5.Nf3 Nbd7 6.Qc2 Bd6 7.g4 h6 8.Rg1 e5 9.cxd5 cxd5
10.Nb5 Bb8 11.Bd2 O-O 12.g5 hxg5 13.Nxg5 a6 14.Nc3 Qc7 15.O-O-O b5 16.a3 e4
17.f3 Re8 18.Bg2 Bb7 19.Rdf1 Qc4 20.Rf2 Bd6 21.Bf1 Qc7 22.fxe4 dxe4 23.Kb1 Bf8
24.Qb3 Re7 25.h4 Qc6 26.h5 Nb6 27.h6 Nc4 28.hxg7 Bxg7 29.Rfg2 Ne8 30.Qd1 Nxd2+
31.Rxd2 Rd8 32.Rdg2 Rd6 33.Ngxe4 Rxe4 34.Nxe4 Qxe4+ 35.Bd3 Qe7 36.Rg4 Re6
37.Qc2 Rxe3 38.Bh7+ Kf8 39.Qf2 Bf3 40.Rf4 Be4+ 41.Bxe4 Rxe4  0-1

[Event "FSFMA December"]
[Site "Budapest HUN"]
[Date "2010.12.13"]
[Round "10"]
[White "Koczo,K"]
[Black "Csomor,V"]
[Result "1-0"]
[WhiteElo "2187"]
[BlackElo "2084"]

1.d4 d5 2.Nf3 c6 3.c4 e6 4.e3 Nf6 5.Nc3 Nbd7 6.Qc2 Bd6 7.b3 O-O 8.Bd3 e5
9.cxd5 cxd5 10.dxe5 Nxe5 11.Nxe5 Bxe5 12.Bb2 Bg4 13.h3 Be6 14.f4 Bd6 15.O-O-O Rc8
16.g4 d4 17.exd4 Bxf4+ 18.Kb1 Nd5 19.Bxh7+ Kh8 20.Be4 Ne3 21.Qf2 Nxd1 22.Rxd1 Qg5
23.h4 Qa5 24.Qxf4 Rxc3 25.Bxc3 Qxc3 26.Qg5 Kg8 27.d5 Bd7 28.Rc1 Qd4 29.Qf4 f5
30.gxf5 Bxf5 31.Re1 Qc3 32.Rd1 Qb4 33.Qxf5 Rxf5 34.Bxf5 Qd6 35.h5 a5 36.Bg6 Qg3
37.d6  1-0

[Event "London Chess Classic FIDE Open"]
[Site "London ENG"]
[Date "2010.12.13"]
[Round "6"]
[White "Hagen,Ande"]
[Black "Ponting,A"]
[Result "1-0"]
[WhiteElo "2084"]
[BlackElo "1860"]

1.d4 d5 2.Nf3 Nf6 3.c4 c6 4.Nc3 e6 5.e3 Nbd7 6.Bd3 dxc4 7.Bxc4 b5 8.Bd3 Bb7
9.e4 b4 10.Na4 c5 11.e5 Nd5 12.Nxc5 Bxc5 13.dxc5 Nxc5 14.O-O Nxd3 15.Qxd3 Qb6
16.Re1 h6 17.Qc4 Ke7 18.Be3 Nxe3 19.Rxe3 Rac8 20.Qg4 g5 21.h4 Rcg8 22.a3 a5
23.axb4 axb4 24.Ra4 h5 25.Qxb4+ Qxb4 26.Rxb4 Bxf3 27.Rxf3 Rh7 28.Rb7+ Kf8
29.Rb8+ Kg7 30.Rxg8+ Kxg8 31.hxg5 Kg7 32.b4 Kg6 33.b5 Rh8 34.b6 Rb8 35.Rb3 Kxg5
36.b7 Kf5 37.Rb5 Ke4 38.Kh2 Kd4 39.Kg3 Kc4 40.Rb2 Kd5 41.Kf4 Kc6 42.Kg5 Kc7
43.Kf6  1-0

[Event "48th ch-IND"]
[Site "New Delhi IND"]
[Date "2010.12.13"]
[Round "5"]
[White "Anilkumar,O"]
[Black "Navin,K"]
[Result "0-1"]
[WhiteElo "2289"]
[BlackElo "2369"]

1.Nf3 Nf6 2.c4 c6 3.d4 d5 4.Nc3 e6 5.e3 Nbd7 6.cxd5 exd5 7.Bd3 Bd6 8.O-O O-O
9.Rb1 Qe7 10.Re1 Ne4 11.Bd2 f5 12.Ne2 Ndf6 13.Bc3 Nxf2 14.Qd2 N6e4 15.Bxe4 fxe4
16.Ne5 Ng4 17.Rf1 Bd7 18.Nxg4 Bxg4 19.Ng3 h5 20.Rxf8+ Rxf8 21.Rf1 h4 22.Rxf8+ Qxf8
23.Nh1 h3 24.g3 Bf3 25.Nf2 Qf5 26.Bb4 Bb8 27.Be7 Qh5 28.Bh4 Bg2 29.Qd1 Qf7
30.Qg4 Bd6 31.Bg5 c5 32.Bf4 Bxf4 33.Qxf4 Qxf4 34.gxf4 cxd4 35.exd4 e3 36.Ng4 e2
37.Kf2 Bf3 38.Ne5 Bh5 39.f5 Kh7 40.Nd3 Kh6 41.Nf4 Kg5 42.Nxd5 Kxf5 43.Nc3 a6
44.Na4 Ke4 45.Nc5+ Kxd4 46.Nxb7 g5 47.Na5 g4 48.Nc6+ Ke4  0-1

[Event "Bansko Grand Chess Open"]
[Site "Bansko BUL"]
[Date "2010.12.15"]
[Round "4.24"]
[White "Angelov,Z"]
[Black "Malikentzos,S"]
[Result "0-1"]
[WhiteElo "2126"]
[BlackElo "2312"]

1.c4 c6 2.d4 d5 3.Nc3 Nf6 4.Nf3 e6 5.e3 Nbd7 6.Bd3 dxc4 7.Bxc4 b5 8.Bd3 a6
9.e4 c5 10.d5 Qc7 11.dxe6 fxe6 12.O-O Bb7 13.Qe2 Bd6 14.Re1 Ne5 15.Ng5 Qe7
16.Bc2 h6 17.Nf3 O-O 18.Nxe5 Bxe5 19.Be3 Qc7 20.h3 Rad8 21.Rad1 Bd4 22.e5 Bxe5
23.Rxd8 Rxd8 24.Bc1 Qc6 25.f3 Bd4+ 26.Kh1 e5 27.Ne4 Nh5 28.Kh2 c4 29.a3 Qc7
30.Bb1 Bxe4 31.Qxe4 Nf6 32.Qg6 e4+ 33.f4 Bf2 34.Re2 e3 35.Bxe3 Bxe3 36.Rxe3 Qxf4+
37.Rg3 Rd7 38.Qf5 Qc7 39.Qe6+ Kh8 40.Bg6 Re7 41.Qxa6 Re3 42.Qa8+ Ng8  0-1

[Event "63rd ch-RUS"]
[Site "Moscow RUS"]
[Date "2010.12.15"]
[Round "5"]
[White "Khismatullin,D"]
[Black "Jakovenko,D"]
[Result "1/2-1/2"]
[WhiteElo "2659"]
[BlackElo "2726"]

1.Nf3 Nf6 2.d4 d5 3.c4 e6 4.Nc3 c6 5.e3 a6 6.b3 Bb4 7.Bd2 O-O 8.Bd3 Nbd7
9.O-O Bd6 10.Rc1 e5 11.cxd5 cxd5 12.dxe5 Nxe5 13.Nxe5 Bxe5 14.Ne2 Ne4 15.Bxe4 dxe4
16.Bc3 Bg4 17.Bxe5 Qxd1 18.Rfxd1 Bxe2 19.Rd7 Rac8 20.Rdc7 Rxc7 21.Rxc7 f6
22.Bd4 Rf7 23.Rc8+ Rf8 24.Rc7 Rf7 25.Rc8+ Rf8 26.Rc7  1/2-1/2

[Event "Moscow Teams"]
[Site "Moscow RUS"]
[Date "2010.12.15"]
[Round "5"]
[White "Baikov,V"]
[Black "Dubov,Danii"]
[Result "1/2-1/2"]
[WhiteElo "2451"]
[BlackElo "2456"]

1.d4 d5 2.c4 c6 3.Nc3 Nf6 4.Nf3 e6 5.e3 Nbd7 6.Bd3 dxc4 7.Bxc4 b5 8.Be2 Bb7
9.O-O a6 10.e4 c5 11.e5 Nd5 12.a4 b4 13.Ne4 Qc7 14.a5 cxd4 15.Qxd4 Bc5 16.Nxc5 Nxc5
17.Bc4 Rc8 18.Bd2 O-O 19.Rfc1 Rfd8 20.Qh4 Ne7 21.Bg5 Nf5 22.Bxd8 Rxd8 23.Qf4 Bxf3
24.Qxf3 Qxe5 25.Rd1 Rxd1+ 26.Rxd1 g6 27.Qe2 Qc7 28.Bxa6 Qxa5 29.Bc4 Qc7 30.Qd2 b3
31.Qc3 Ne4 32.Qd3 Qf4 33.Qf3 Qe5 34.Re1 Nfd6 35.Bd3 Qa5 36.Rxe4 Qa1+ 37.Bf1 Nxe4
38.Qxe4 Qxb2 39.g3 Qc1 40.Kg2 b2 41.Bd3 h5 42.Bb1 Kg7 43.h4 Kf6 44.Qc2 Ke5
45.Kf3 f5 46.Ke2 Kf6 47.Kd3 e5 48.Kc3 f4 49.gxf4 exf4 50.Kd4 Qxc2 51.Bxc2 g5
52.Ke4 gxh4 53.Kxf4 Ke6 54.Bb1 Kf6 55.Bc2 h3 56.Kg3 h4+ 57.Kxh3 Kg5  1/2-1/2

[Event "17th Open A"]
[Site "Zadar CRO"]
[Date "2010.12.15"]
[Round "6.16"]
[White "Bodiroga,P"]
[Black "Kreisl,R"]
[Result "1/2-1/2"]
[WhiteElo "2399"]
[BlackElo "2386"]

1.d4 d5 2.c4 c6 3.Nc3 Nf6 4.e3 e6 5.Nf3 Nbd7 6.Qc2 Bd6 7.Bd3 O-O 8.O-O dxc4
9.Bxc4 b5 10.Bd3 Bb7 11.Ng5 h6 12.Nge4 Be7 13.Nxf6+ Nxf6 14.Ne4 Nxe4 15.Bxe4 Qb6
16.Bd2 a5 17.a3 b4 18.Rfc1 Rfc8 19.axb4 axb4 20.Rxa8 Rxa8 21.b3 Rc8 22.Be1 Ba6
23.Bh7+ Kh8 24.Bd3 Bb7 25.Be4 Ba6 26.Bd3 Bb7 27.Be4  1/2-1/2

[Event "Tancat Magistral"]
[Site "Sabadell ESP"]
[Date "2010.12.16"]
[Round "3"]
[White "Panelo,M"]
[Black "Alonso Rosell,A"]
[Result "1/2-1/2"]
[WhiteElo "2432"]
[BlackElo "2491"]

1.d4 d5 2.Nf3 Nf6 3.c4 c6 4.Nc3 e6 5.e3 Nbd7 6.Qc2 Bd6 7.Bd3 O-O 8.O-O dxc4
9.Bxc4 a6 10.a4 c5 11.Ne4 Nxe4 12.Qxe4 Nf6 13.Qd3 cxd4 14.Qxd4 Qc7 15.b3 e5
16.Qh4 e4 17.Ng5 Bf5 18.Bb2 Be5 19.Bxe5 Qxe5 20.Rfd1 h6 21.Nh3 Bg4 22.Rdc1 Qf5
23.Qg3 Nh5 24.Qc7 Bxh3 25.gxh3 Qxh3 26.Bf1 Qg4+ 27.Bg2 Rae8 28.h3 Qh4 29.Qxb7 f5
30.Rc5 Kh8 31.Qd7 Rd8 32.Qe6 f4 33.Qg4 Qf6 34.Rf1 g6 35.h4 f3 36.Bh3 Qd6
37.b4 Nf6 38.Qe6 Qxe6 39.Bxe6 Rd2 40.Rb1 Re8 41.Rc8 Rxc8 42.Bxc8 Nd5 43.Bxa6 Nc3
44.Ra1 Nd1 45.Bc8 Nxf2 46.a5 Nd1 47.Bh3 Nf2 48.Bc8 Nd1 49.Bh3 Nf2 50.Bf1 Ng4
51.Bh3 f2+ 52.Kg2 Nxe3+ 53.Kg3 Nc2 54.Rb1 e3 55.a6 e2 56.a7 Rd8 57.Kxf2 e1=Q+
58.Rxe1 Nxe1 59.b5 Nd3+ 60.Ke3 Ne5 61.Be6 Kg7 62.Bd5 Nd7 63.a8=Q Rxa8 64.Bxa8 Kf6
65.Kd4 Ke6 66.Be4 g5 67.hxg5 hxg5  1/2-1/2

[Event "48th ch-IND"]
[Site "New Delhi IND"]
[Date "2010.12.17"]
[Round "8"]
[White "Shyam,SM"]
[Black "Soumya,Sw"]
[Result "1-0"]
[WhiteElo "2439"]
[BlackElo "2332"]

1.d4 d5 2.c4 c6 3.Nc3 Nf6 4.e3 e6 5.Nf3 Nbd7 6.Qc2 Bd6 7.g4 dxc4 8.Bxc4 e5
9.g5 Nd5 10.Bd2 exd4 11.Nxd4 N7b6 12.Nxd5 cxd5 13.Bb5+ Kf8 14.Bc3 Qxg5 15.O-O-O Qe7
16.Rhg1 f6 17.h4 a6 18.Bd3 Bd7 19.Nf5 Bxf5 20.Bxf5 g6 21.Bh3 Be5 22.Bxe5 fxe5
23.h5 e4 24.Kb1 Kf7 25.Qb3 Qd6 26.Rg4 Rae8 27.Bg2 Qe6 28.Bh3 Qd6 29.Rdg1 Nc4
30.Ka1 b5 31.a3 Re5 32.Rf4+ Ke7 33.Qc3 Rb8 34.hxg6 hxg6 35.Qd4 Rb6 36.Rh4 b4
37.Rh7+ Kf8 38.f4 bxa3 39.fxe5 axb2+ 40.Qxb2 Qc5 41.Qf2+  1-0

[Event "48th ch-IND"]
[Site "New Delhi IND"]
[Date "2010.12.17"]
[Round "8"]
[White "Navin,K"]
[Black "Sengupta,D"]
[Result "1/2-1/2"]
[WhiteElo "2369"]
[BlackElo "2558"]

1.d4 d5 2.Nf3 e6 3.c4 c6 4.e3 Nf6 5.Nc3 Nbd7 6.Bd3 dxc4 7.Bxc4 b5 8.Bd3 a6
9.O-O Bb7 10.a4 b4 11.Ne4 c5 12.Nxf6+ Qxf6 13.b3 cxd4 14.exd4 Bd6 15.Bg5 Bxf3
16.Qxf3 Qxf3 17.gxf3 Nb6 18.Rfc1 Kd7 19.Rc2 h6 20.Bd2 Rhc8 21.Rxc8 Kxc8 22.a5 Nd5
23.Ra4 Kd7 24.Bc4 Nc3 25.Ra1 g5 26.h3 Bf4 27.Bxc3 bxc3 28.Ra2 Bc1 29.Rc2 Bd2
30.Kf1 Kc7 31.Ke2 Rd8 32.Kd3 Kb7 33.Ra2 h5 34.Ra4 Ka7 35.Ra1 h4 36.Rg1 Rd6
37.f4 gxf4 38.Rg7 Kb8 39.f3 Be1 40.Rg1 Bd2 41.Rg7 e5 42.d5 f5 43.Re7 e4+
44.fxe4 f3 45.e5 f2 46.Re8+ Ka7 47.Re7+ Kb8 48.Re8+  1/2-1/2

[Event "Bansko Grand Chess Open"]
[Site "Bansko BUL"]
[Date "2010.12.18"]
[Round "8.3"]
[White "Grigorov,G"]
[Black "Georgiev,Vl"]
[Result "1/2-1/2"]
[WhiteElo "2479"]
[BlackElo "2582"]

1.d4 d5 2.Nf3 Nf6 3.c4 e6 4.Nc3 c6 5.e3 Nbd7 6.Qc2 a6 7.b3 c5 8.cxd5 exd5
9.Bd3 Bd6 10.O-O O-O 11.e4 cxd4 12.Nxd5 h6 13.Bb2 Nxd5 14.exd5 Nf6 15.Nxd4 Nxd5
16.Nf5 Bxf5 17.Bxf5 Qg5 18.Rad1 Nf4 19.g3 Rad8 20.h4 Ne2+ 21.Kg2 Nf4+ 22.Kh2 Qh5
23.Qc3 f6 24.Qc4+ Kh8 25.Rxd6 Qxf5 26.Qxf4 Qxf4 27.gxf4 Rxd6 28.Ba3 Rfd8
29.Bxd6 Rxd6 30.Rc1 Rd2 31.Kg3 Rxa2 32.Rc7 b5 33.f3 h5 34.f5 Kh7 35.Rb7 Ra3
36.Ra7 a5 37.Kg2 Kh6 38.Kg3 Kh7 39.Ra8 b4 40.Kf4 Rxb3 41.Rxa5 Rb1 42.Ra8 b3
43.Rc8 Rh1 44.Rb8 Rxh4+ 45.Ke3 Rh2 46.Rxb3 Rg2 47.Rb8 Rg5 48.Kf4 Rg1 49.Rc8 Rg2
50.Ra8 h4 51.Ra1 h3 52.Rh1 h2 53.Ke3 Kh6 54.f4 Kh5 55.Kf3 Ra2 56.Kg3 Ra3+
57.Kxh2 Kh4 58.Rb1 Rh3+ 59.Kg2 Kg4 60.Rb7 Rh7 61.Rb4 Kxf5 62.Kg3 Rh1 63.Rb5+ Kg6
64.Ra5 Rb1 65.Rc5 Kf7 66.f5 Rb4 67.Rc8 Rb1 68.Kf4 Rg1 69.Rc7+ Kg8 70.Rc8+ Kh7
71.Rc2 Rf1+ 72.Kg4 Kg8 73.Rc7 Kf8 74.Ra7 Rg1+ 75.Kf4 Rf1+ 76.Ke3 Rh1 77.Ra8+ Kf7
78.Kf3 Rh5 79.Kf4 Rh1 80.Ke4 Rf1 81.Rb8 Ra1 82.Kf4 Ra7 83.Ke4 Ke7 84.Rb6 Kd7
85.Kf4 Rc7 86.Ra6 Rc4+ 87.Kf3 Rc5 88.Ra7+ Rc7 89.Ra6 Ke7 90.Kf4 Rc8 91.Ra7+ Kf8
92.Ke4 Rc4+ 93.Kf3 Kg8 94.Ra1 Rh4 95.Kg3 Rh6 96.Kg4 Kh7 97.Rb1 Rh2 98.Kg3 Rh5
99.Kg4 Rg5+ 100.Kf4 Kh6 101.Rb8 Kh7 102.Rb1  1/2-1/2

[Event "7th UTD GM"]
[Site "Richardson USA"]
[Date "2010.12.18"]
[Round "4"]
[White "Yang,Dar"]
[Black "Bercys,S"]
[Result "1/2-1/2"]
[WhiteElo "2417"]
[BlackElo "2447"]

1.d4 d5 2.c4 e6 3.Nc3 c6 4.e3 Nf6 5.Nf3 Nbd7 6.Qc2 Bd6 7.g4 Bb4 8.Bd2 Qe7
9.Rg1 Bxc3 10.Bxc3 Ne4 11.O-O-O b6 12.Be1 Bb7 13.Ne5 Nxe5 14.dxe5 Nc5 15.f3 a5
16.cxd5 exd5 17.f4 O-O 18.Rg3 Ne4 19.Bd3 c5 20.Rg2 Rfc8 21.Kb1 Bc6 22.Bxe4 dxe4
23.Rd6 Qb7 24.Qb3 a4 25.Qc4 Bd7 26.f5 Rc7 27.Rgd2 Be8 28.Bg3 Rcc8 29.e6 b5
30.Qd5 Qxd5 31.R2xd5 fxe6 32.fxe6 a3 33.e7 axb2 34.Rd8 Kf7 35.Bh4 g6 36.Rd1 c4
37.Kxb2 c3+ 38.Kc1 g5 39.Rf1+ Kg7 40.Bxg5 b4 41.Rxc8 Rxc8 42.Rf8 Ra8 43.Bf6+ Kg6
44.Be5 Kg5 45.Rg8+ Kh4 46.Kb1 Kh3 47.g5 Kg4 48.Bf6 Kf3 49.Bd4 Ke2 50.Rf8 Kd2
51.Rf2+ Kd3 52.h4 b3 53.axb3 Ra3 54.Ra2 Rxb3+ 55.Kc1 Rb7  1/2-1/2

[Event "European Rapid Championship"]
[Site "Warsaw POL"]
[Date "2010.12.18"]
[Round "1"]
[White "Jaracz,P"]
[Black "Sjogren,Stig"]
[Result "1-0"]
[WhiteElo "2543"]
[BlackElo "1822"]

1.d4 d5 2.c4 e6 3.Nf3 Nf6 4.Nc3 c6 5.e3 Nbd7 6.Qc2 Bd6 7.b3 O-O 8.Be2 b6
9.O-O Bb7 10.Bb2 Re8 11.Rad1 Qc7 12.Rfe1 e5 13.dxe5 Nxe5 14.h3 Rad8 15.cxd5 cxd5
16.Nd4 a6 17.Qb1 Ned7 18.Rc1 Qb8 19.Bf3 Nc5 20.Nce2 Nce4 21.Red1 Be5 22.Nc6 Bxc6
23.Bxe5 Qxe5 24.Rxc6 Rd6 25.Rxd6 Nxd6 26.Qd3 Nde4 27.Qxa6 Ng5 28.Nd4 Nfe4
29.Qxb6 Nxf3+ 30.Nxf3 Qb2 31.Rf1 h6 32.Qb7 Qxa2 33.Qxd5 Nc3 34.Qc4 Qb2 35.Nd4 Ra8
36.b4 Ra2 37.b5 Nd1 38.Qc8+ Kh7 39.Qf5+  1-0